=LDR 00000nam 2200000 4500 =001 NUTBA000000000002513 =005 20140618145303.0 =006 =007 =008 =020 ##$$a 978-602-855-389-6 =035 ##$$a 0010-061400000000456 =040 ##$$a NBPDMAT =082 ##$$a 635.9 =090 ##$$a 635.9 $b Rah w =100 ##$$a Rahdias Pritasari =245 ##$$a Wirausaha tanaman hias / $c Rahdias Pritasari =250 ##$$a Cet.1 =260 ##$$a Banten : $b Talenta Pustaka Indonesia, $c 2009 =300 ##$$a iv, 60 hlm. : $b ilus. ; $c 25 cm. =500 ##$$a Bibliografi : hlm. 60 =650 ##$$a Tanaman Hias =850 ##$$a NBPDMAT =990 ##$$a 21403437